عرض عادي
عرض مارك
- Earth (Planet)
مدخل إسم جغرافي
001 - رقم الضبط
- حقل الضبط: 40855
003 - معرف رقم الضبط
- حقل الضبط: OSt
005 - تاريخ ووقت أخر عملية
- حقل الضبط: 20131212154353.0
008 - عناصر بيانات ثابتة الطول
- حقل تحكم ثابت الطول: 131212|||a|||||| | ||| d
040 ## - مصدر الفهرسة
- هيئة الفهرسة الأصلية: OSt
- وكالة الكتابة: OSt
151 ## - مدخل-- مصطلح تاريخي
- اسم جغرافي: Earth (Planet)
- تفريع عام: Internal structure.
670 ## - بيانات المصدر موجوده
- الاستشهاد بالمصدر: Work cat.: (OSt)0: An introduction to our dynamic planet /, 2008.
